Szociális és gyámügyi igazgatás
Elmentve itt :
| Szerző: | |
|---|---|
| Dokumentumtípus: | Prezentáció |
| Megjelent: |
2016
|
| Kulcsszavak: | gyámügy magyarország |
| Tárgyszavak: | |
| Online Access: | http://eta.bibl.u-szeged.hu/1730 |
| LEADER | 00671nnm a2200205 i 4500 | ||
|---|---|---|---|
| 001 | eta1730 | ||
| 005 | 20190206133607.0 | ||
| 008 | 190206s2016 hu o 0|| hun d | ||
| 040 | |a SZTE Elektronikus Tananyag Archívum |b hun | ||
| 041 | |a hun | ||
| 100 | 1 | |a Mezey Róbert | |
| 245 | 1 | 0 | |a Szociális és gyámügyi igazgatás |h [elektronikus dokumentum] / |c Mezey Róbert |
| 260 | |c 2016 | ||
| 516 | |a Presentation | ||
| 650 | 4 | |a Társadalomtudományok | |
| 650 | 4 | |a Politikatudomány | |
| 650 | 4 | |a Közigazgatás | |
| 695 | |a gyámügy | ||
| 695 | |a magyarország | ||
| 856 | 4 | 0 | |u https://eta.bibl.u-szeged.hu/1730/1/szocialis_es_gyamugyi_igazgatasjogi_kar20160404.pptx |z Dokumentum-elérés |